Normal view
MARC view
- Assassins (Ismailites)
Entry Topical Term
001 - CONTROL NUMBER
- control field: 106237
003 - CONTROL NUMBER IDENTIFIER
- control field: NUST
005 - DATE AND TIME OF LATEST TRANSACTION
- control field: 20221228140006.0
008 - FIXED-LENGTH DATA ELEMENTS
- fixed length control field: 221228|| aca||aabn | a|a d
040 ## - CATALOGING SOURCE
- Original cataloging agency: NUST
- Transcribing agency: NUST
150 ## - HEADING--TOPICAL TERM
- Topical term or geographic name entry element: Assassins (Ismailites)
670 ## - SOURCE DATA FOUND
- Source citation: Work cat.: (NUST)190490: Lewis, Bernard, 60364, The Assassins :, 1987, c1967.
